| 000 | 00384nam a2200157Ia 4500 | ||
|---|---|---|---|
| 008 | 230711s9999||||xx |||||||||||||| ||und|| | ||
| 041 | _aENG | ||
| 082 |
_a670 _bAU-W |
||
| 100 | _aAulakh,GS | ||
| 245 | 0 | _aEagles' workshop technology II | |
| 250 | _a1st Ed. | ||
| 260 |
_c2012 _aJalandhar _bEagles Prakashan Regd |
||
| 300 | _a280p. | ||
| 650 | _aMechanical Engineering | ||
| 942 | _cBK | ||
| 999 |
_c7659 _d7659 |
||